Countries That Are Larger Than 1 Million Square Miles - Statistics

General Stats
  • This quiz has been taken 20 times
  • The average score is 9 of 9
Answer Stats
Area Answer % Correct
2,988,900 mi2 Australia
100%
3,285,862 mi2 Brazil
100%
3,855,100 mi2 Canada
100%
3,705,410 mi2 China
100%
6,601,667 mi2 Russia
100%
3,677,647 mi2 United States
100%
1,073,500 mi2 Argentina
90%
1,269,219 mi2 India
90%
1,052,090 mi2 Kazakhstan
75%
No matching quizzes found
Score Distribution
Percent of People with Each Score
Percentile by Number Answered
Your Score History
You have not taken this quiz